National sample survey: land utilisation survey (Record no. 499076)

000 -LEADER
fixed length control field 00386cam a22001097a 4500
008 - FIXED-LENGTH DATA ELEMENTS--GENERAL INFORMATION
fixed length control field 180718b xxu||||| |||| 00| 0 eng d
082 ## - DEWEY DECIMAL CLASSIFICATION NUMBER
Classification number Y11068x5464 T738
245 ## - TITLE STATEMENT
Title National sample survey: land utilisation survey
Statement of responsibility, etc. by Statistical Department, Tripura
260 ## - PUBLICATION, DISTRIBUTION, ETC.
Place of publication, distribution, etc. Agartala
Name of publisher, distributor, etc. Statistical Department
Date of publication, distribution, etc.
500 ## - GENERAL NOTE
General note Contents: Library has vol 2 to 5
700 ## - ADDED ENTRY--PERSONAL NAME
Personal name Tripura. Statistical Department
Holdings
Withdrawn status Lost status Damaged status Not for loan Permanent Location Current Location Date acquired Full call number Barcode Date last seen Price effective from Koha item type
        Indian Institute of Public Administration Indian Institute of Public Administration 2018-08-04 Y11068x5464 T738 GG10055 2018-08-04 2018-08-04 GG
        Indian Institute of Public Administration Indian Institute of Public Administration 2018-08-04 Y11068x5464 T738 GG7962 2018-08-04 2018-08-04 GG
        Indian Institute of Public Administration Indian Institute of Public Administration 2018-08-04 Y11068x5464 T738 GG7961 2018-08-04 2018-08-04 GG
        Indian Institute of Public Administration Indian Institute of Public Administration 2018-08-04 Y11068x5464 T738 GG7960 2018-08-04 2018-08-04 GG

Powered by Koha